00935nam a2200193 i 450000100060000000300090000600500170001500700030003200800410003508000150007611001020009124502900019326000420048330000220052565000220054785200330056999900170060295201220061977849ES-MaACL20230906173415.0t|041111s1938 sp ||||1| spa d a355.41/.422 aEspaña. Ejército de Tierra. Jefatura de Movilización, Instrucción y Recuperación.9379810aDirectivas circunstanciales de normas y preceptos reglamentarios adaptados a las exigencias de la actual campaña, relativos a los Mandos de Batallón, que han de servir como orientación en los cursos correspondientes / cJefatura de Movilización, Instrucción y Recuperación. aBurgos : b[s.n.], c1938 (fAldecoa) a207 p. ; c17 cm.14aTáctica.917277 aES-MaACLjE-10333 bR.133644 c77849d77849 00104070aATENEOMbATENEOMcDEPO2d2008-01-17eSCl0oE-10333p1081444r2023-02-23 00:00:00w2023-02-23yMONOGRAFIA